000 00478nam a2200169Ia 4500
003 GCL
008 140319s9999 xx 000 0 ara d
040 _aGCL /
_cGCL
082 0 4 _a817.008
_bع م
100 1 _aعبدالمحسن صالح
245 1 0 _aمسكين عالم الذكور للاذكياء فقط /
_cعبدالمحسن صالح
300 _a197 ص
490 _a
650 0 4 _aالادب العربى
650 0 4 _aالقصة العربية
942 _2ddc
_cBK
999 _c41447
_d41447